| 000 | 00412nam a22001697a 4500 | ||
|---|---|---|---|
| 003 | SGT | ||
| 020 | _a9780470025673 | ||
| 082 |
_a616.855 _bA10M |
||
| 100 | _aMURDICH, BROCH E. | ||
| 245 | _aACQUIRED SPEECH AND LANGUAGE DISORDERS | ||
| 250 | _a1ST | ||
| 260 |
_aUK _bWILEY BLACKWELL PUB _c2010 |
||
| 300 | _a375 | ||
| 650 | _aAUDIOLOGY | ||
| 653 | _aACQUIRED SPEECH AND LANGUAGE DISORDERS | ||
| 942 |
_2ddc _cBK |
||
| 999 |
_c27054 _d27054 |
||